<?xml version="1.0" encoding="UTF-8"?>
<collection xmlns="http://www.loc.gov/MARC21/slim">
 <record>
  <leader>     na                 </leader>
  <controlfield tag="001">INLIS000000000693651</controlfield>
  <controlfield tag="005">20210825020531</controlfield>
  <datafield tag="035" ind1=" " ind2=" ">
   <subfield code="a">0010-0821000129</subfield>
  </datafield>
  <controlfield tag="007">ta</controlfield>
  <controlfield tag="008">210825                g          0 ind  </controlfield>
  <datafield tag="040" ind1=" " ind2=" ">
   <subfield code="a">JIPUBAY</subfield>
  </datafield>
  <datafield tag="100" ind1="0" ind2=" ">
   <subfield code="a">Ukasyah Habibu Ahmad</subfield>
  </datafield>
  <datafield tag="245" ind1="1" ind2=" ">
   <subfield code="a">Duhai Nabi, jadikan aku kekasihmu! /</subfield>
   <subfield code="c">Ukasyah Habibu Ahmad ; editor, Yudi</subfield>
  </datafield>
  <datafield tag="250" ind1=" " ind2=" ">
   <subfield code="a">Cet. 1</subfield>
  </datafield>
  <datafield tag="300" ind1=" " ind2=" ">
   <subfield code="a">208 hlm. ;</subfield>
   <subfield code="c">21 cm.</subfield>
  </datafield>
  <datafield tag="504" ind1=" " ind2=" ">
   <subfield code="a">Bibliografi : halaman 205-206</subfield>
  </datafield>
  <datafield tag="020" ind1=" " ind2=" ">
   <subfield code="a">978-602-407-396-1</subfield>
  </datafield>
  <datafield tag="082" ind1=" " ind2=" ">
   <subfield code="a">297.91</subfield>
   <subfield code="b">[23]</subfield>
  </datafield>
  <datafield tag="084" ind1=" " ind2=" ">
   <subfield code="a">297.91 UKA d</subfield>
  </datafield>
  <datafield tag="260" ind1=" " ind2=" ">
   <subfield code="a">Yogyakarta :</subfield>
   <subfield code="b">Laksana,</subfield>
   <subfield code="c">2020</subfield>
  </datafield>
  <datafield tag="520" ind1=" " ind2=" ">
   <subfield code="a">Barang siapa ittibaâ Rasulullah Saw., maka ia memiliki hak syafaat dari beliau. Yakni, hak untuk mendapatkan pertolongan beliau berdasarkan aturan khusus yang dianugerahkan oleh Allah Swt. Juga hak ditolong untuk diampuni dosa-dosanya, yang tidak didapatkannya jika ia tidak berjalan di belakang langkah sang rasul terakhir. Menurut Rasulullah Saw., orang mukmin yang paling sempurna imannya dan paling dekat dengan beliau kelak pada hari kiamat tak lain ialah ia yang paling bagus budi pekertinya, juga ia yang senantiasa bershalawat kepada beliau, serta ia yang mencintai beliau. Maka, sungguh beruntung umat beliau yang mampu memantaskan diri sebagai sahabat beliau, sehingga kelak bisa mencecap manisnya madu syafaat.</subfield>
  </datafield>
  <datafield tag="650" ind1=" " ind2="4">
   <subfield code="a">Nabi Muhammad SAW</subfield>
  </datafield>
  <datafield tag="650" ind1=" " ind2="4">
   <subfield code="a">Nabi dan rasul</subfield>
  </datafield>
  <datafield tag="700" ind1="0" ind2=" ">
   <subfield code="a">Yudi</subfield>
  </datafield>
  <datafield tag="850" ind1=" " ind2=" ">
   <subfield code="a">JIPUBAY</subfield>
  </datafield>
  <datafield tag="990" ind1=" " ind2=" ">
   <subfield code="a">504484/DPKBWI/2021</subfield>
  </datafield>
  <datafield tag="990" ind1=" " ind2=" ">
   <subfield code="a">504485/DPKBWI/2021</subfield>
  </datafield>
  <datafield tag="990" ind1=" " ind2=" ">
   <subfield code="a">504486/DPKBWI/2021</subfield>
  </datafield>
 </record>
</collection>
